000
00302nam a2200133Ia 4500
008
191201s2006 xx 000 0 und d
100
_a
BIMBRA, P S
245
0
_a
Electrical Machinery
250
_a
-
260
_c
2006
_b
Khanna Publisher
_a
N.Delhi
300
_a
1060
650
_a
ECE
942
_2
ddc
_c
BB
999
_c
7220
_d
7220